00752cam a2200157 a 4500020002100000040000800021082002600029245004000055260004600095300004400141500016900185650002100354700003000375700002600405710016300431 a9798316002 (set) cDLC00a581 ESC 1990 A061 Or.00aPlant resources of South-East Asia. aBogor :bESCAP CGPRT Centre,c1990-<2003> av. <1-19; in 32> :bill, maps ;c26 cm. aVols. 2-<12,16, 18-19> has imprint: Bogor, Indonesia : Prosea; for countries other than South-East Asia distributed by Backhuys Publishers, Leiden, the Netherlands. 0aBotany, Economic1 aMaesen, L. J. G. van der.1 aSomaatmadja, Sadikin.2 aESCAP Regional Co-ordination Centre for Research and Development of Coarse Grains, Pulses, Roots and Tuber Crops in the Humid Tropics of Asia and the Pacific.